The Premise and the promise: free trade in the Americas /
Sin resumen
Guardat en:
| Autor principal: | |
|---|---|
| Altres autors: | |
| Format: | Desconegut |
| Publicat: |
Washington, D. C.:
Overseas Development Council
|
| Matèries: | |
| Etiquetes: |
Afegir etiqueta
Sense etiquetes, Sigues el primer a etiquetar aquest registre!
|
MARC
| LEADER | 00000 a2200000 04500 | ||
|---|---|---|---|
| 001 | 4668 | ||
| 003 | |||
| 008 | 991231s d | ||
| 040 | |||
| 090 | |a 118202 | ||
| 100 | |a Saborío, Sylvia | ||
| 245 | |a The Premise and the promise: free trade in the Americas / |c Sylvia Saborío | ||
| 260 | |a Washington, D. C.: |b Overseas Development Council | ||
| 300 | |a 282 p | ||
| 520 | |a Sin resumen | ||
| 650 | |a LIBRE COMERCIO | ||
| 650 | |a MODELOS ECONOMICOS | ||
| 650 | |a NEGOCIACIONES ARANCELARIAS | ||
| 650 | |a NEGOCIACIONES COMERCIALES | ||
| 650 | |a NEGOCIACIONES INTERNACIONALES | ||
| 650 | |a LIBERALIZACION DEL INTERCAMBIO | ||
| 700 | |a comp | ||
| 999 | |c 10943 |d 10943 | ||
